Manažment pre obchodné akadémie

Saved in:
Bibliographic Details
Main Author: Papula, Jozef
Other Authors: Papulová, Emília
Format: Book
Language:Slovak
Published: Bratislava Slovenské pedagogické nakladateľstvo 2006
Edition:5. preprac. vyd.
Subjects:
Tags: Add Tag
No Tags, Be the first to tag this record!

MARC

LEADER 00000nam$a2200000$$$4500
001 0054961
005 20240502071630.2
020 |a 80-10-00897-4 
041 0 |a slo 
044 |a SK 
245 1 0 |a Manažment pre obchodné akadémie  |c Jozef Papula, Emília Papulová 
250 |a 5. preprac. vyd. 
264 1 |a Bratislava  |b Slovenské pedagogické nakladateľstvo  |c 2006 
300 |a 117 s. 
610 2 0 |a manažment 
610 2 0 |a plánovanie podnikové 
610 2 0 |a plánovanie strategické 
610 2 0 |a stratégia podniková 
610 2 0 |a štruktúra organizačná 
610 2 0 |a vedenie ľudí 
610 2 0 |a manažéri 
610 2 0 |a kontrola 
100 1 |a Papula, Jozef 
700 1 |a Papulová, Emília